| 000 | 01106cam a22002891i 4500 | ||
|---|---|---|---|
| 003 | SA-RiAUC | ||
| 005 | 20250502134626.0 | ||
| 008 | 250502s1995 le bo g 001 0 ara c | ||
| 040 |
_aKW-ShULA _bara _cSA-RiAUC _erda |
||
| 043 | _aa-ye--- | ||
| 082 | 0 | 4 |
_a001.209532 _qSA-RiAUC |
| 090 |
_a001.209532 _b ا ك و |
||
| 100 | 1 |
_aالأكوع، إسماعيل بن علي، _d1920-2008 _eمؤلف. |
|
| 245 | 1 | 0 |
_aهجر العلم ومعاقله في اليمن / _cإسماعيل علي الأكوع. |
| 250 | _aالطبعة الأولى. | ||
| 264 | 1 |
_aبيروت ؛ _aدمشق : _bدار الفكر المعاصر، _c1995 |
|
| 300 |
_a5 مجلد في 5 : _bخرائط، صور ؛ _c24 سم |
||
| 336 |
_aنص _btxt _2rdacontent _3كتاب |
||
| 337 |
_aبدون وسيط _bn _2rdamedia |
||
| 338 |
_aمجلد _bnc _2rdacarrier |
||
| 500 | _aيشتمل على كشافات. | ||
| 500 | _aكشافات : مجلد 5. | ||
| 650 | 7 |
_aالعلوم _zاليمن _xتاريخ _2aucsh |
|
| 650 | 7 |
_aهجرة العقول _zاليمن _2aucsh |
|
| 942 |
_2ddc _cBOOK _n0 |
||
| 949 |
_aSA-JeALM _d250502 _ueid123 _n1 |
||
| 999 |
_c7504 _d7504 |
||